عطار نامة / (Record no. 30007)

MARC details
000 -LEADER
fixed length control field 00558nam a22001937a 4500
005 - DATE AND TIME OF LATEST TRANSACTION
control field 20251108165527.0
008 - FIXED-LENGTH DATA ELEMENTS--GENERAL INFORMATION
fixed length control field 250721s1968 xx 000 0 ara d
082 14 - DEWEY DECIMAL CLASSIFICATION NUMBER
Classification number م/891.51/أ
100 1# - MAIN ENTRY--PERSONAL NAME
Personal name القيسي، أحمد ناجي
245 10 - TITLE STATEMENT
Title عطار نامة /
246 13 - VARYING FORM OF TITLE
Title proper/short title منطق الطير
264 1# - PRODUCTION, PUBLICATION, DISTRIBUTION, MANUFACTURE, AND COPYRIGHT NOTICE
Place of production, publication, distribution, manufacture بغداد :
Name of producer, publisher, distributor, manufacturer مكتبة المثنى،
Date of production, publication, distribution, manufacture, or copyright notice 1968.
300 ## - PHYSICAL DESCRIPTION
Extent
650 17 - SUBJECT ADDED ENTRY--TOPICAL TERM
Topical term or geographic name as entry element الأدب الفارسي
650 17 - SUBJECT ADDED ENTRY--TOPICAL TERM
Topical term or geographic name as entry element الشعر
700 1# - ADDED ENTRY--PERSONAL NAME
Personal name النيسابوري، فريدالدين العطار
942 ## - ADDED ENTRY ELEMENTS (KOHA)
Source of classification or shelving scheme Dewey Decimal Classification
Koha item type References
Holdings
حالة السحب حالة الفقدان مصدر التصنيف حالة التلف غير قابل للإعارة المكتبة الرئيسية المكتبة الحالية موقع الرف تاريخ التزويد الرقم المتسلسل Total Checkouts رقم الإستدعاء الباركود تاريخ آخر ظهور تاريخ الفاتورة نوع المادة (كوها)
    Dewey Decimal Classification   Not For Loan المكتبة المركزية المكتبة المركزية مراجع 06/07/2004 32825   م/891.51/أ 32825 28/07/2025 06/07/2004 References
    Dewey Decimal Classification   Not For Loan المكتبة المركزية المكتبة المركزية مراجع 06/07/2004 32826   م/891.51/أ 32826 28/07/2025 06/07/2004 References
Implemented & Customized by: BBB with SCIT (Smart Chains for Information Technology)

Powered by Koha